000 00495nam a2200169Ia 4500
005 20250508154123.0
008 008 250505s9999 xx 000 0 eng d
037 _aBooks to be hide in OPAC
040 _aFEDL
_beng
_cFEDL
041 _aeng
_2eng
084 _qFEDL
245 0 _aPsychometrika: A journal devoted to the develpment of psychology as a quantitative rational science
300 _a348p.
546 _aVol 14 Number 1 March 1949
942 _cHB
999 _c1347794
_d1347794